| 000 | 00521nam a22001817a 4500 | ||
|---|---|---|---|
| 005 | 20251108164120.0 | ||
| 008 | 250721s1972 xx 000 0 ara d | ||
| 082 | 1 | 4 | _a340.50565/عود |
| 100 | 1 | _aالقسوس، عوده | |
| 245 | 1 | 0 | _aالقضاء البدوي / |
| 264 | 1 |
_aعمان : _bالمطبعه الأردنيه، _c1972. |
|
| 300 | _a110ص : مصور | ||
| 650 | 1 | 7 | _aالقانون المقارن |
| 650 | 1 | 7 | _aالقانون البدائي |
| 650 | 1 | 7 | _aالأردن |
| 942 |
_2ddc _cBK |
||
| 999 |
_c3989 _d3989 |
||